Justicia universal para el genocidio en Guatemala /

Guardat en:
Dades bibliogràfiques
Autor corporatiu: Fundación Rigoberta Menchú Tum
Format: Text
Idioma:Spanish
Etiquetes: Afegir etiqueta
Sense etiquetes, Sigues el primer a etiquetar aquest registre!

MARC

LEADER 00000 a a2200000 04500
003 cru CIDCACS/IIS
005 20230328153954.0
008 191009b ||||| |||| 00| 0 spa d
040 |c cru CIDCACS/IIS 
110 2 |9 8651  |a Fundación Rigoberta Menchú Tum 
245 1 |a Justicia universal para el genocidio en Guatemala /  |c Fundación Rigoberta Menchú Tum 
300 |a páginas 9-10 
773 |g volumen 23, número 305; páginas 17-18  
773 0 |0 42391  |9 3514  |a Agencia Latinoamericana de Información, ALAI  |d Quito, Ecuador: ALAI  |o 08359  |t ALAI:  |x 08275564 
942 |2 ddc  |c PP 
999 |c 42459  |d 42459